Statystyki dla Kluby La Liga All Time

Kliknij tutaj aby rozwiązać quiz!

Ogólne statystyki

  • Ten quiz został rozwiązany 16 razy
  • Średni wynik to 16 z 61

Statystyki odpowiedzi

Odpowiedź% Poprawnych
Real Sociedad
94%
Real Madryt
81%
FC Barcelona
75%
Atletico Madryt
69%
Sevilla FC
63%
Villarreal CF
63%
Getafe CF
50%
Granada CF
50%
Rayo Vallecano
50%
Valencia CF
50%
Athletic Bilbao
44%
Cadiz CF
44%
Elche CF
44%
SD Huesca
44%
CA Osasuna
38%
Girona FC
38%
Levante UD
38%
Malaga CF
38%
RCD Mallorca
38%
CD Leganes
31%
Real Valladolid CF
31%
Real Zaragoza
31%
Sporting Gijon
31%
UD Almeria
31%
CD Tenerife
25%
Celta de Vigo
25%
Deportivo Alaves
25%
Racing Santander
25%
Real Betis Balompie
25%
Real Oviedo
25%
SD Eibar
25%
UD Las Palmas
25%
Burgos CF
19%
Cordoba CF
19%
RCD Espanyol
19%
Real Murcia CF
19%
Deportivo de La Coruna
13%
Hercules CF
13%
AD Almeria
6%
Albacete Balompie
6%
Arenas Club
6%
CD Alcoyano
6%
CD Castellon
6%
CD Condal
6%
CD Logrones
6%
CD Numancia
6%
CE Europa
6%
CF Extremadura
6%
Gimnastic de Tarragona
6%
Pontevedra CF
6%
Real Jaen CF
6%
Recreativo Huelva
6%
SD Compostela
6%
UD Salamanca
6%
UE Lleida
6%
Xerez CD
6%
Atletico Tetuan
0%
CE Sabadell FC
0%
CP Merida
0%
Cultural Leonesa
0%
Real Union Club
0%

Rozkład punktacji

Percentyl według liczby udzielonych odpowiedzi

Procent ludzi z każdym wynikiem

Twoja historia wyników

Nie rozwiązałeś tego quizu